Analýza podnikateľského prostredia z hľadiska dopadov finančnej krízy bakalárska práca

Enregistré dans:
Détails bibliographiques
Auteur principal: Taraba, Ľuboš
Collectivité auteur: Národohospodárska fakulta EU. Katedra financií
Autres auteurs: Gertler, Ľubomíra, 1977-
Format: Livre
Langue:slovaque
Publié: Bratislava 2010
Tags: Ajouter un tag
Pas de tags, Soyez le premier à ajouter un tag!

MARC

LEADER 00000nam$a2200000$$$4500
001 0136510
005 20240320074000.9
041 0 |a slo 
044 |a SK 
245 1 0 |a Analýza podnikateľského prostredia z hľadiska dopadov finančnej krízy  |b bakalárska práca  |c Ľuboš Taraba ; školiteľ: Ľubomíra Gertler 
264 1 |a Bratislava  |c 2010 
300 |a 47 s. 
100 1 |a Taraba, Ľuboš 
700 1 |a Gertler, Ľubomíra, 1977- 
710 2 |a Národohospodárska fakulta EU. Katedra financií